Processing Tropical Crops (Record no. 3982)
[ view plain ]
| 000 -LEADER | |
|---|---|
| fixed length control field | 00366nam a22001457a 4500 |
| 008 - FIXED-LENGTH DATA ELEMENTS--GENERAL INFORMATION | |
| fixed length control field | 250626b |||||||| |||| 00| 0 eng d |
| 020 ## - INTERNATIONAL STANDARD BOOK NUMBER | |
| ISBN | 9789390199747 |
| 100 ## - MAIN ENTRY--AUTHOR | |
| Author | Asiedu, J.J |
| 245 ## - TITLE STATEMENT | |
| Title | Processing Tropical Crops |
| 260 ## - PUBLICATION, DISTRIBUTION, ETC. (IMPRINT) | |
| Place of publication | India |
| Name of publisher | limited Books Prints |
| Date of publication | 2021 |
| 300 ## - COLLATION | |
| Pagination | 266p |
| 650 ## - TRACINGS | |
| Main Subject | fruits Processing |
| 942 ## - ADDED ENTRY ELEMENTS (KOHA) | |
| Item type | Books |
| 050 ## - LIBRARY OF CONGRESS CALL NUMBER | |
| Classification number | SB 354.8 |
| Item number | .A85 |
| Source of classification or shelving scheme | Not for loan | Permanent location | Current location | Date acquired | Accession No. | Full call number | Barcode. | Koha item type |
|---|---|---|---|---|---|---|---|---|
| Library of Congress Classification | Samuel Ogbemudia Main Library, University of Abuja | Samuel Ogbemudia Main Library, University of Abuja | 06/26/2025 | 2024/62053 | SB 354.8 .A85 | 2025-2689 | Books |